Football Teams Thierry Henry Played For - Statistics

General Stats
  • This quiz has been taken 151 times
  • The average score is 6 of 7
Answer Stats
League Years Team % Correct
England 1999-2007 Arsenal FC
100%
England 2012 Arsenal FC
100%
Spain 2007-2010 FC Barcelona
98%
Italy 1999 Juventus FC
91%
France 1995-1999 AS Monaco
82%
USA 2010-2012 New York Red Bulls
63%
USA 2012-2015 New York Red Bulls
63%
No matching quizzes found
Score Distribution
Percent of People with Each Score
Percentile by Number Answered
Your Score History
You have not taken this quiz